000 00692nam a22001937a 4500
010 _aENG-120532
020 _a9789381899564
_c100.00
035 _aEN-104064
037 _bDBPD/PUB
082 _a658.4063
245 _aOpportunities for innovation and sustainability in the present challenging world of business/s /
_cedited by Nirmala Mohan, M. Menaka [and] Shirley Devakirubai
260 _aChennai
_bSakthi Publishers
_c2016
270 _aNo. 12, Anna Street, Chitlapkkam, Chennai
_bTamilnadu
_e600064
300 _aviii,72p.
_b22cm(pbk).
700 _aMohan, Nirmala
700 _aMenaka, M.
700 _aDevakirubai, Shirley
942 _2ddc
_cEN
_h658.4063
_mOPP
999 _c144244
_d144244